000 00277nam a22001337a 4500
008 170602b xxu||||| |||| 00| 0 eng d
020 _a9781586484644
041 _aeng
080 _a93
100 _a17
101 _aSHH
245 _aCHINA
_cBERGSTEN, C.F
942 _2udc
_cBK
999 _c15673
_d15673